Migración latinoamericana
Guardado en:
| Format: | Bog |
|---|---|
| Sprog: | Spanish |
| Fag: | |
| Tags: |
Tilføj Tag
Ingen Tags, Vær først til at tagge denne postø!
|
MARC
| LEADER | 00000nam a22000007a 4500 | ||
|---|---|---|---|
| 001 | 157 | ||
| 003 | cru CIDCACS/IIS | ||
| 005 | 20190903150035.0 | ||
| 008 | 190903s1995 |||||r||||||0| ||spa|d | ||
| 999 | |c 42311 |d 42311 | ||
| 040 | |c cru CIDCACS/IIS | ||
| 245 | 0 | |a Migración latinoamericana | |
| 300 | |a páginas 6-7 | ||
| 650 | 0 | |9 299 |a MIGRACION | |
| 650 | 0 | |9 7479 |a INMIGRACION ILEGAL | |
| 650 | 0 | |9 2434 |a SALARIOS | |
| 650 | 0 | |9 38 |a DERECHOS HUMANOS | |
| 650 | 0 | |9 1034 |a XENOFOBIA | |
| 651 | 0 | |9 17 |a AMERICA LATINA | |
| 773 | 0 | |0 42310 |9 3157 |a Centro de Estudios Pastoral y Asistencia Migratoria (CEPAM) |d s.l.: CEPAM |o 03697 |t Acontecer Migratorio / |w (cru CIDCACS/IIS)153 | |
| 942 | |2 ddc |c PP | ||
